Normal view
MARC view
- Lee, George C.
Entry Personal Name
001 - CONTROL NUMBER
- control field: 42670
003 - CONTROL NUMBER IDENTIFIER
- control field: NUST
005 - DATE AND TIME OF LATEST TRANSACTION
- control field: 20210314132400.0
008 - FIXED-LENGTH DATA ELEMENTS
- fixed length control field: 210314|| aca||aabn | a|a d
040 ## - CATALOGING SOURCE
- Original cataloging agency: NUST
- Transcribing agency: NUST
100 ## - HEADING--PERSONAL NAME
- Personal name: Lee, George C.
670 ## - SOURCE DATA FOUND
- Source citation: Work cat.: (NUST): Ketter, Robert L., 42669, Structural analysis and design /, c1979.
